Geography Quiz

Random Geography or World Quiz
Score 0/197 Timer 01:00
9 Plays Today
% Correct
Italy
84.5%
Greece
82.6%
Russia
82.4%
Turkey
82.2%
United Kingdom
80.7%
France
78.8%
United States of America
78.2%
Germany
78%
Egypt
77.9%
Romania
77.4%
Croatia
77.4%
Serbia
77.2%
China
77.1%
Iran
77%
Bulgaria
76.7%
Iraq
76.6%
Spain
76.6%
Saudi Arabia
76.5%
Albania
76.4%
North Macedonia
75.8%
Hungary
75.5%
Ukraine
75.4%
Kosovo
75.4%
Poland
75.2%
Austria
75%
Montenegro
74.5%
Slovenia
74.5%
Yemen
74.4%
Oman
74.4%
Syria
74.2%
Slovakia
74.2%
Moldova
74.2%
Libya
74.1%
Cyprus
74.1%
Bosnia and Herzegovina
73.9%
Sudan
73.8%
United Arab Emirates
73.7%
India
73.7%
Algeria
73.6%
Chad
73.5%
Czechia
73.2%
Malta
73.2%
Canada
73.2%
Switzerland
73.1%
Jordan
73%
Brazil
72.8%
Belarus
72.8%
Morocco
72.7%
Australia
72.7%
Vatican City
72.5%
Qatar
72.4%
Tunisia
72.3%
Sweden
72.3%
Kuwait
72.3%
Niger
72.2%
Georgia
72.2%
Norway
72.1%
San Marino
72.1%
Mexico
72%
Portugal
72%
Somalia
71.8%
Armenia
71.8%
Ethiopia
71.8%
Lebanon
71.6%
South Africa
71.6%
Finland
71.5%
% Correct
Ireland
71.4%
Democratic Republic of the Congo
71.3%
Monaco
71.3%
Kenya
71.3%
Bahrain
71.3%
Panama
71.3%
Iceland
71.2%
Azerbaijan
71.2%
South Sudan
71.2%
Estonia
71.2%
Latvia
71.1%
Mali
71.1%
Belgium
71.1%
Afghanistan
71.1%
Pakistan
71.1%
Eritrea
71%
Denmark
71%
Lithuania
70.9%
Andorra
70.9%
Japan
70.8%
Djibouti
70.8%
Nigeria
70.8%
Luxembourg
70.7%
Liechtenstein
70.7%
Central African Republic
70.6%
Netherlands
70.6%
Palestine
70.6%
Chile
70.5%
Cuba
70.5%
Mongolia
70.5%
Peru
70.4%
Ghana
70.4%
Kazakhstan
70.4%
Congo
70.4%
Honduras
70.4%
Argentina
70.4%
Uganda
70.3%
Belize
70.3%
Guatemala
70.3%
Costa Rica
70.3%
Angola
70.2%
Nicaragua
70.2%
New Zealand
70.2%
Turkmenistan
70.2%
Colombia
70.2%
Uzbekistan
70.2%
El Salvador
70.1%
Indonesia
70.1%
Madagascar
70.1%
Bolivia
70.1%
Rwanda
70.1%
Togo
70%
Liberia
70%
Venezuela
70%
Senegal
70%
Cameroon
70%
Ecuador
70%
Jamaica
70%
Tanzania
70%
Nepal
69.9%
Fiji
69.9%
Haiti
69.9%
Uruguay
69.9%
Gabon
69.9%
Cote d'Ivoire
69.9%
Laos
69.9%
% Correct
Benin
69.9%
Paraguay
69.9%
Kyrgyzstan
69.9%
Lesotho
69.9%
Thailand
69.9%
Zambia
69.8%
Tajikistan
69.8%
Vietnam
69.8%
Zimbabwe
69.8%
Sri Lanka
69.8%
Bhutan
69.8%
Namibia
69.8%
Maldives
69.8%
Malaysia
69.8%
Malawi
69.8%
Suriname
69.8%
Botswana
69.8%
The Bahamas
69.8%
Guinea
69.8%
The Gambia
69.8%
Samoa
69.8%
Bangladesh
69.8%
Mozambique
69.8%
Dominica
69.8%
Guyana
69.7%
Mauritania
69.7%
Burundi
69.7%
Singapore
69.7%
Tonga
69.7%
Philippines
69.7%
Papua New Guinea
69.7%
Burkina Faso
69.7%
Seychelles
69.7%
South Korea
69.7%
Sierra Leone
69.7%
Palau
69.7%
Micronesia
69.7%
Kiribati
69.7%
Tuvalu
69.7%
Myanmar
69.7%
Vanuatu
69.7%
Nauru
69.7%
Brunei
69.7%
Taiwan
69.7%
Barbados
69.7%
North Korea
69.7%
Marshall Islands
69.7%
Cambodia
69.7%
Solomon Islands
69.7%
Trinidad and Tobago
69.7%
Dominican Republic
69.6%
eSwatini
69.6%
Comoros
69.6%
Timor-Leste
69.6%
St Kitts
69.6%
Saint Lucia
69.6%
Mauritius
69.6%
Grenada
69.6%
Equatorial Guinea
69.6%
Cabo Verde
69.6%
Guinea-Bissau
69.6%
St Vincent
69.6%
Antigua and Barbuda
69.6%
Sao Tome and Principe
69.6%
Israel
69.6%

You're not logged in!

Compare scores with friends on all Sporcle quizzes.
OR
Log In

Sporcle TV

Today on Sporcle TV


Watch our educational content, quiz creation guides, and fun videos on Sporcle TV.

Show Comments

Extras

Top Quizzes Today


Score Distribution

Paid Content

Your Account Isn't Verified!

In order to create a playlist on Sporcle, you need to verify the email address you used during registration. Go to your Sporcle Settings to finish the process.

Report this User

Report this user for behavior that violates our Community Guidelines.

Details: